An Anatomy of American Politics: (Record no. 12950)
[ view plain ]
| 000 -LEADER | |
|---|---|
| fixed length control field | 00919cam a2200241u 4500 |
| 001 - CONTROL NUMBER | |
| control field | 9299109 |
| 005 - DATE AND TIME OF LATEST TRANSACTION | |
| control field | 20040903152034.0 |
| 008 - FIXED-LENGTH DATA ELEMENTS--GENERAL INFORMATION | |
| fixed length control field | 810227s1950 inu 000 0 eng |
| 010 ## - LIBRARY OF CONGRESS CONTROL NUMBER | |
| LC control number | 50006590 |
| 040 ## - CATALOGING SOURCE | |
| Original cataloging agency | DLC |
| Transcribing agency | CarP |
| Modifying agency | DLC |
| 043 ## - GEOGRAPHIC AREA CODE | |
| Geographic area code | n-us--- |
| 050 00 - LIBRARY OF CONGRESS CALL NUMBER | |
| Classification number | JK34 |
| Item number | .T6 |
| 082 ## - DEWEY DECIMAL CLASSIFICATION NUMBER | |
| Item number | TOU |
| Edition number | 22 |
| Classification number | 324.0973 |
| 100 1# - MAIN ENTRY--PERSONAL NAME | |
| Personal name | Tourtellot, Arthur Bernon. |
| 9 (RLIN) | 9503 |
| 245 13 - TITLE STATEMENT | |
| Title | An Anatomy of American Politics: |
| Remainder of title | Innovation versus Conservatism/ |
| Statement of responsibility, etc | by Arthur Bernon Tourtellot |
| 260 ## - PUBLICATION, DISTRIBUTION, ETC. (IMPRINT) | |
| Place of publication, distribution, etc | Indianapolis: |
| Name of publisher, distributor, etc | Bobbs-Merrill, |
| Date of publication, distribution, etc | 1950 |
| 300 ## - PHYSICAL DESCRIPTION | |
| Extent | p. cm. |
| 500 ## - GENERAL NOTE | |
| General note | Donated by: Alaa Abdel Ghany |
| 650 #0 - SUBJECT ADDED ENTRY--TOPICAL TERM | |
| Topical term or geographic name as entry element | Political parties |
| Geographic subdivision | United States. |
| 9 (RLIN) | 9504 |
| 651 #0 - SUBJECT ADDED ENTRY--GEOGRAPHIC NAME | |
| Geographic name | United States |
| General subdivision | Politics and government. |
| 9 (RLIN) | 9505 |
| 942 ## - ADDED ENTRY ELEMENTS (KOHA) | |
| Item type | Book - Borrowing |
| Source of classification or shelving scheme | Dewey Decimal Classification |
| Withdrawn status | Item status | Source of classification or shelving scheme | Damaged status | Not for loan | Vendor | Home library | Current library | Shelving location | Date acquired | Source of acquisition | Total Checkouts | Full call number | Barcode | Date last seen | Koha item type | Public note |
|---|---|---|---|---|---|---|---|---|---|---|---|---|---|---|---|---|
| Dewey Decimal Classification | Central Library | Central Library | First floor | 22/11/2009 | Donation | 324.0973 TOU | 000018903 | 15/07/2025 | Book - Borrowing | Donated by: Alaa Abdel Ghany |